| 000 | 02386cam a22005174i 4500 | ||
|---|---|---|---|
| 003 | PE-LiUPU | ||
| 005 | 20250731173027.0 | ||
| 008 | 170628s2012 mau rb 001 0 eng d | ||
| 020 | _a9004206175 | ||
| 020 | _a9789004206175 | ||
| 035 | _a(Sirsi) a237829 | ||
| 040 |
_aPE-LiUPU _bspa _cPE-LiUPU _erda |
||
| 049 | _aPRUA | ||
| 082 | 0 | 4 |
_a289.9409421 _bT19 _223 |
| 100 | 1 |
_aTangen, Karl Inge, _eautor. |
|
| 245 | 1 | 0 |
_aEcclesial identification beyond late modern individualism? : _ba case study of life strategies in growing late modern churches / _cby Karl Inge Tangen. |
| 264 | 1 |
_aLeiden ; _aBoston : _bBrill, _c2012. |
|
| 300 |
_axx, 385 páginas ; _c25 centimetros. |
||
| 336 |
_atext _2rdacontent |
||
| 337 |
_aunmediated _2rdamedia |
||
| 338 |
_avolume _2rdacarrier |
||
| 490 | 0 |
_aGlobal Pentecostal and charismatic studies, _x1876-2247 ; _v10 |
|
| 504 | _aBibliografía : páginas 373-381. | ||
| 504 | _aÍndices: páginas 384-385. | ||
| 505 | 0 | _aIntroducing the quest: why and how to read this study -- Theory: consulting the wise -- Contexts - churches, cities and nations -- Persons - stories from copenhagen -- Persons - stories from london -- Organisational foci - why do people identify? -- Organisational foci and individual integration -- Are transformational commitments formed? -- Towards a typology of ecclesial life strantegies -- Summary and conclusions -- Rethinking transformational leadership and participation. | |
| 526 | _aSEG42 | ||
| 526 | _aSEG41 | ||
| 526 | _aSEG40 | ||
| 526 | _aSEG39 | ||
| 526 | _aP94 | ||
| 526 | _aP87 | ||
| 526 | _aP86 | ||
| 526 | _aP85 | ||
| 526 | _aP77 | ||
| 526 | _aP76 | ||
| 526 | _aP35 | ||
| 650 | 0 |
_aCrecimiento de la Iglesia _xEstudio de las iglesias pentecostales. |
|
| 650 | 0 | _aIglesias pentecostales. | |
| 910 |
_ajck _bjvq _cjpc _d20170628 |
||
| 942 |
_2ddc _cBOOK |
||
| 949 |
_a289.9409421 T19 _wDEWEY _c1 _i76414 _lCATALOGING _mBUL _p60.00 _r0 _sY _tBOOK _u2017-06-28 _xTEOLOGÍA _zTEOLOGÍA _0COMPRA _o.CIRCNOTE. El documento es de alto precio. _o.STAFF. Colección Teología |
||
| 994 |
_aC0 _bPEPRU |
||
| 596 | _a1 | ||
| 999 |
_a289.9409421 T19 _wDEWEY _c24527 _i76414 _f2021-11-11 _g4 _lCCODEBUL1 _mBUL _p60.00 _r0 _sY _tBOOK _u2017-6-28 _xTEOLOGIA _PP35 _0DONACION _o.STAFF. Colección Teología _d24527 |
||
| 980 |
_81 _gALBERTO SANCHEZ Responsable de Automatización |
||